[Event "Manizales Feria op 29th"]
[Site "Manizales"]
[Date "2024.01.05"]
[Round "1"]
[White "Montes Ramirez, Jorge Andres"]
[Black "Zuluaga Alzate, Gustavo"]
[Result "1/2-1/2"]
[WhiteElo "1600"]
[BlackElo "1578"]
[PlyCount "96"]
[EventDate "2024.01.05"]
[EventType "swiss"]
[EventRounds "7"]
[EventCountry "COL"]
[SourceTitle "CB02_2024"]
[SourceDate "2024.01.10"]
[SourceVersion "1"]
[SourceVersionDate "2024.01.10"]
[SourceQuality "1"]

1. d4 Nf6 2. Bf4 e6 3. e3 d5 4. Nd2 Bd6 5. Bg3 0-0 6. Ngf3 c5 7. c3 Qc7 8. Bd3 Nbd7 9. Qe2 b6 10. Rc1 Bb7 11. Bxd6 Qxd6 12. 0-0 e5 13. dxe5 Nxe5 14. Nxe5 Qxe5 15. Nf3 Qe7 16. Rfe1 Ne4 17. c4 Rad8 18. Rcd1 Rd6 19. cxd5 Bxd5 20. Bc4 Bxc4 21. Qxc4 Rfd8 22. Rxd6 Rxd6 23. b4 g6 24. h3 cxb4 25. Qxb4 Nc5 26. Rc1 Qd7 27. Qc4 Rd1+ 28. Rxd1 Qxd1+ 29. Kh2 Qd3 30. Qf4 Qd7 31. Ne5 Qe6 32. a3 h5 33. g4 hxg4 34. hxg4 Kg7 35. g5 f6 36. Ng4 fxg5 37. Qxg5 Ne4 38. Qf4 Qd6 39. Qxd6 Nxd6 40. Ne5 Nb5 41. Nc4 Kf6 42. Kg3 Nc3 43. Kf4 b5 44. Nd6 g5+ 45. Kf3 Ke5 46. Nf7+ Kf6 47. Nd6 Ke5 48. Nf7+ Kf6 1/2-1/2